[Event "Polanica Zdroj op-B 47th"]
[Site "Polanica Zdroj"]
[Date "2011.??.??"]
[Round "7"]
[White "Jurkiewicz, Kazimierz"]
[Black "Niezgoda, Boleslaw"]
[Result "0-1"]
[WhiteElo "1477"]
[BlackElo "1735"]
[PlyCount "64"]
[EventDate "2011.08.18"]
[EventType "swiss"]
[EventRounds "9"]
[EventCountry "POL"]
[SourceTitle "CBM 144 Extra"]
[Source "ChessBase"]
[SourceDate "2011.10.28"]
[SourceVersion "1"]
[SourceVersionDate "2011.10.28"]
[SourceQuality "1"]

1. d4 c5 2. Nf3 cxd4 3. Nxd4 e5 4. Nb3 d5 5. Bd2 Nf6 6. Bg5 Be7 7. e3 0-0 8. N1d2 b6 9. c3 Bb7 10. Qf3 Nbd7 11. Qf5 e4 12. Be2 Bc8 13. Bxf6 Nxf6 14. Qe5 Re8 15. c4 Bd6 16. Qc3 Be5 17. Qc2 d4 18. exd4 Bxd4 19. Rd1 Be5 20. Nxe4 Qc7 21. Nxf6+ Bxf6 22. 0-0 Bb7 23. f3 Be5 24. h3 Bh2+ 25. Kh1 Bg3 26. Bd3 h6 27. Nc1 Bh4 28. b3 Qg3 29. Ne2 Qe5 30. Kg1 Bd8 31. Nc3 Bc7 32. Rf2 Qh2+ 0-1

[Event "Polanica Zdroj op Seniors 45th"]
[Site "Polanica Zdroj"]
[Date "2009.08.25"]
[Round "8"]
[White "Niezgoda, Boleslaw"]
[Black "Jurkiewicz, Kazimierz"]
[Result "0-1"]
[WhiteElo "1781"]
[BlackElo "1437"]
[PlyCount "29"]
[EventDate "2009.08.18"]
[EventType "swiss"]
[EventRounds "9"]
[EventCountry "POL"]
[SourceTitle "EXT 2012"]
[Source "ChessBase"]
[SourceDate "2011.11.24"]
[SourceVersion "1"]
[SourceVersionDate "2011.11.24"]
[SourceQuality "1"]

1. e4 e6 2. d4 d5 3. exd5 exd5 4. Nf3 Nf6 5. Bg5 Be7 6. Bd3 0-0 7. 0-0 Bg4 8. Nbd2 Nbd7 9. c3 c6 10. Re1 h6 11. Bh4 g5 12. Bg3 Nh5 13. h3 Be6 14. Bh2 c5 15. Nxg5 0-1

[Event "Brandenburg-ch Seniors 18th"]
[Site "Rowy"]
[Date "2009.06.28"]
[Round "7"]
[White "Rehder, Frank"]
[Black "Niezgoda, Boleslaw"]
[Result "1-0"]
[WhiteElo "1724"]
[BlackElo "1647"]
[PlyCount "85"]
[EventDate "2009.06.22"]
[EventType "swiss"]
[EventRounds "9"]
[EventCountry "POL"]
[SourceTitle "EXT 2022"]
[Source "ChessBase"]
[SourceDate "2021.10.06"]
[SourceVersion "1"]
[SourceVersionDate "2021.10.06"]
[SourceQuality "1"]

1. d4 d5 2. Nf3 Bg4 3. e3 Nd7 4. b3 e5 5. dxe5 Nxe5 6. Be2 Nf6 7. Nxe5 Bxe2 8. Qxe2 d4 9. 0-0 Qd5 10. Nc4 0-0-0 11. Rd1 Bc5 12. Ba3 Rhe8 13. Bxc5 Qxc5 14. c3 b5 15. cxd4 Rxd4 16. Rxd4 Qxd4 17. Nb2 a6 18. Qd2 Qb6 19. Nc3 Rd8 20. Qc2 Qa5 21. Rc1 b4 22. Ne2 Rd7 23. Nc4 Qc5 24. Rd1 Kb8 25. Rxd7 Nxd7 26. Nd4 g6 27. h3 Qd5 28. Qd2 c5 29. Nf3 Qf5 30. Qd6+ Kb7 31. Na5+ Kc8 32. Qxa6+ Kd8 33. Qa8+ Ke7 34. e4 Qe6 35. Qd5 Qb6 36. Nc6+ Kf8 37. Qxd7 Qa6 38. Qe7+ Kg7 39. Qxc5 Qxa2 40. Qxb4 Qb1+ 41. Kh2 Qc1 42. Qd4+ Kf8 43. Qh8# 1-0

[Event "Brandenburg-ch Seniors 18th"]
[Site "Rowy"]
[Date "2009.06.26"]
[Round "5"]
[White "Niezgoda, Boleslaw"]
[Black "Nietsch, Horst"]
[Result "0-1"]
[WhiteElo "1647"]
[BlackElo "1865"]
[PlyCount "116"]
[EventDate "2009.06.22"]
[EventType "swiss"]
[EventRounds "9"]
[EventCountry "POL"]
[SourceTitle "EXT 2022"]
[Source "ChessBase"]
[SourceDate "2021.10.06"]
[SourceVersion "1"]
[SourceVersionDate "2021.10.06"]
[SourceQuality "1"]

1. e4 g6 2. c3 c5 3. Nf3 Bg7 4. Be2 d6 5. 0-0 Nc6 6. d4 Qc7 7. Na3 a6 8. Nc2 Nf6 9. Nce1 cxd4 10. cxd4 Nxe4 11. d5 Nf6 12. dxc6 bxc6 13. Bf4 Nd5 14. Bg3 Bxb2 15. Nd3 Nc3 16. Qd2 Nxe2+ 17. Qxe2 Bxa1 18. Rxa1 0-0 19. Rc1 e5 20. Nd2 Be6 21. Ne4 f6 22. h4 Kg7 23. Nb4 c5 24. h5 a5 25. Nd3 c4 26. Ne1 Qe7 27. Bh4 g5 28. Bg3 h6 29. f3 Bf7 30. Bf2 Bxh5 31. Ng3 Bg6 32. Rxc4 Rac8 33. Rxc8 Rxc8 34. Qa6 Qd7 35. Qxa5 d5 36. Qa6 h5 37. Nd3 h4 38. Nf1 Rc6 39. Qb5 d4 40. a4 Rc7 41. Qa6 Ra7 42. Nc5 Rxa6 43. Nxd7 Rxa4 44. Nd2 Ra1+ 45. Kh2 Ra2 46. Be1 Ra1 47. Bf2 Bf5 48. Nc5 Ra2 49. Be1 Bc8 50. Nce4 Kg6 51. Nd6 Be6 52. N6e4 f5 53. Nf2 Ra1 54. Nd3 Kf6 55. g3 hxg3+ 56. Bxg3 Rd1 57. Be1 Bd5 58. Kg2 e4 0-1

[Event "Rowy Veterans 14th"]
[Site "Rowy"]
[Date "2008.09.02"]
[Round "4.13"]
[White "Niezgoda, Boleslaw"]
[Black "Grabarczyk, Edmund"]
[Result "1-0"]
[WhiteElo "1866"]
[BlackElo "1589"]
[PlyCount "51"]
[EventDate "2008.08.30"]
[EventType "swiss"]
[EventRounds "9"]
[EventCountry "POL"]
[SourceTitle "EXT 2023"]
[Source "ChessBase"]
[SourceDate "2022.10.05"]
[SourceVersion "1"]
[SourceVersionDate "2022.10.05"]
[SourceQuality "1"]

1. d4 d5 2. c4 e6 3. Nc3 Bb4 4. a3 Bxc3+ 5. bxc3 dxc4 6. e4 b5 7. Nf3 Bb7 8. Qc2 Nd7 9. Be2 Ngf6 10. e5 Ne4 11. 0-0 0-0 12. Rb1 a6 13. a4 Bc6 14. a5 Bd5 15. Re1 c5 16. Bf1 Qxa5 17. Rxe4 Bxe4 18. Qxe4 Qxc3 19. Bd2 Qa3 20. Ng5 g6 21. Qh4 h5 22. Be2 Qa2 23. Rd1 c3 24. Bxh5 Qxd2 25. Rxd2 cxd2 26. Bd1 1-0